00433nam a22001337a 4500008004100000050002300041100002600064245009000090260003600180300002700216500002300243650001200266700002100278170120b xxu||||| |||| 00| 0 eng d aND 653 .R4G58 1960 aGoldscheider, Ludwig. aRembrandt:bpaintings.Drawings and etchings/cLudwig Goldscheider and Henri Focillon. aLondon :bPhaidon press,c1960. a207p. :bill. ;c29cm. aInclude index.  aDesign. aFocillon, Henri.